All Time Leader in Points in Every Season in Conference Semifinals - Statistics

General Stats
  • This quiz has been taken 6 times
  • The average score is 12 of 17
Answer Stats
Season Year Points Answer % Correct
4th 2022 Eastern Conference Semifinals 237 Giannis Antetokounmpo
100%
12th 2017 Eastern Conference Semifinals 144 LeBron James
100%
14th 2020 Western Conference Semifinals 129 LeBron James
100%
15th 2023 Western Conference Semifinals 148 LeBron James
100%
5th 1992 Eastern Conference Semifinals 219 Michael Jordan
100%
7th 2003 Western Conference Semifinals 194 Kobe Bryant
80%
10th 2009 Western Conference Semifinals 192 Kobe Bryant
80%
11th 2010 Western Conference Semifinals 128 Kobe Bryant
80%
3rd 2001 Eastern Conference Semifinals 236 Allen Iverson
60%
Rookie 1970 Eastern Division Semifinals 181 Kareem Abdul - Jabbar
60%
6th 1977 Western Conference Semifinals 260 Kareem Abdul - Jabbar
60%
13th 1986 Western Conference Semifinals 176 Kareem Abdul - Jabbar
60%
16th 1989 Western Conference Semifinals 40 Kareem Abdul - Jabbar
60%
1st 2022 Western Conference Semifinals 228 Luka Dončić
60%
9th 2021 Eastern Conference Semifinals 248 Kevin Durant
40%
8th 2006 Western Conference Semifinals 226 Tim Duncan
40%
2nd 1975 Eastern Conference Semifinals 262 Bob McAdoo
0%
No matching quizzes found
Score Distribution
Percent of People with Each Score
Percentile by Number Answered
Your Score History
You have not taken this quiz